000 00692nam a2200241Ia 4500
005 20260430150442.0
008 008 250103s9999 xx 000 0 eng d
037 _aTheses
040 _aCRL
040 _beng
040 _ceng
041 _2eng
041 _aeng
084 _qCRL
100 _aSingh Praveen Kumar Au.; Das Shukla Gu.
_91237545
245 0 _aRole of Myeloid Derived Suppressor Cells (MDSCS) in Regulation of T Cells in Pemphigus Vulgaris
260 _c2023
300 _a87p.
650 _aMicrobiology
700 _aUniversity of Delhi. Faculty of Inter- Disciplinary & Applied Science. Deptt. of Microbiology
942 _cTH
999 _c1849813
_d1849813